[Event "BZM-ch U16/18"]
[Site "Osterode"]
[Date "2000.10.28"]
[Round "6"]
[White "Drache, Georg Marcus"]
[Black "Bentmann, Rasmus"]
[Result "1-0"]
[WhiteElo "1444"]
[BlackElo "1119"]
[PlyCount "55"]
[EventDate "2000.10.??"]
[EventType "swiss"]
[EventRounds "7"]
[EventCountry "GER"]
[SourceTitle "EXT 2003"]
[Source "ChessBase"]
[SourceDate "2002.11.25"]
[SourceVersion "1"]
[SourceVersionDate "2002.11.25"]
[SourceQuality "1"]

1. d4 e6 2. c4 Nf6 3. Nc3 d5 4. Bg5 dxc4 5. e4 Be7 6. Bxf6 Bxf6 7. Nf3 0-0 8. Bxc4 b6 9. 0-0 Bb7 10. Re1 Qd7 11. e5 Be7 12. Qe2 c5 13. Rad1 cxd4 14. Nxd4 Qc7 15. a3 Rd8 16. Ba2 Nc6 17. Ncb5 Qc8 18. Qg4 Nxd4 19. Nxd4 Qc5 20. Bxe6 Bd5 21. Nf5 Bf8 22. Nh6+ Kh8 23. Nxf7+ Kg8 24. Nxd8+ Bxe6 25. Qxe6+ Kh8 26. Nf7+ Kg8 27. Nh6+ Kh8 28. Qg8# 1-0

[Event "BZM-ch U16/18"]
[Site "Osterode"]
[Date "2000.10.27"]
[Round "5"]
[White "Markgraf, Stefan"]
[Black "Bentmann, Rasmus"]
[Result "1-0"]
[WhiteElo "1898"]
[BlackElo "1119"]
[PlyCount "55"]
[EventDate "2000.10.??"]
[EventType "swiss"]
[EventRounds "7"]
[EventCountry "GER"]
[SourceTitle "EXT 2003"]
[Source "ChessBase"]
[SourceDate "2002.11.25"]
[SourceVersion "1"]
[SourceVersionDate "2002.11.25"]
[SourceQuality "1"]

1. c4 c5 2. Nc3 Nc6 3. g3 e5 4. Bg2 Nge7 5. e4 d6 6. d3 g6 7. Nge2 Bg7 8. 0-0 0-0 9. Nd5 Nxd5 10. cxd5 Ne7 11. f4 f5 12. Qb3 Qa5 13. fxe5 Bxe5 14. Bf4 Bxf4 15. Nxf4 Rf6 16. e5 dxe5 17. d6+ Kf8 18. dxe7+ Kxe7 19. Nd5+ Ke6 20. Nc7+ Ke7 21. Nxa8 f4 22. gxf4 exf4 23. Rae1+ Kf8 24. Qc3 Qd8 25. Qxc5+ Kg7 26. Re7+ Kh6 27. Rf3 Rc6 28. Qe5 1-0